Hong Kong - Choix Multiples - Statistiques

Statistiques générales
  • Ce quiz a été pris 2 532 fois
    2 462 depuis la dernière actualisation
  • Le résultat moyen est 6 sur 10
Statistiques - réponses
Question Réponse % Correct
Pour ses personnages dans quel genre de film l'acteur hongkongais Bruce Lee était-il célèbre ? Les films d'arts martiaux
97%
Quel pays a colonisé Hong Kong avant de la rétrocéder à la Chine ? Royaume-Uni
93%
Quelle plante a causé plusieurs guerres entre la Chine et les puissances coloniales, aboutissant finalement à l'annexion de Hong Kong ? Opium
79%
Quand cette rétrocession a-t-elle eu lieu ? 1997
71%
Selon son nom, que trouve-t-on dans ou autour du fleuve qui se jette à Hong Kong ? Des perles
66%
Quelle ancienne enclave chinoise dans Hong Kong était célèbre pour sa densité de population hors-norme et ses conditions insalubres ? Kowloon
51%
Laquelle de ces images n'a pas été prise à Hong-Kong ?
46%
Lequel de ces pays ne fait pas partie de ce qui est appelé les 4 Dragons asiatiques avec Hong Kong ? Japon
46%
Quelle est la fleur, symbole de Hong Kong, présente sur son drapeau ? La fleur de l'Arbre à Orchidées
40%
Contre quoi la population hongkongaise à organisé d'immenses manifestations en 2019-2020 ? Un projet de loi d'extradition des criminels vers la Chine
33%
Aucun quiz correspondant
Distribution des résultats
% des personnes avec chaque résultat
Percentile par nombre de réponses
Votre historique - résultats
Vous n’avez pas pris ce quiz depuis la dernière actualisation